Statistiques concernant Pokémon 4G - Anagrammes aléatoire

Cliquez ici pour prendre le quiz!

Statistiques générales

  • Ce quiz a été pris 47 fois
  • Le résultat moyen est 11 sur 20

Statistiques - réponses

Pokémon% Correct
Blizzi
100%
Carchacrok
100%
Chaglam
100%
Dialga
100%
Écayon
100%
Étouraptor
100%
Magirêve
100%
Mammochon
100%
Mélokrik
100%
Mime Jr
100%
Mustébouée
100%
Riolu
100%
Vortente
100%
Ptiravi
90%
Lixy
89%
Créhelf
88%
Manzaï
88%
Babimanta
83%
Crikzik
83%
Cradopaud
80%
Étourmi
80%
Luxio
80%
Pijako
75%
Magnézone
71%
Shaymin
71%
Baudrive
67%
Chimpenfeu
67%
Étourvol
67%
Grodrive
67%
Laporeille
67%
Luminéon
67%
Porygon-Z
67%
Torterra
67%
Simiabraz
63%
Yanmega
63%
Bouldeneu
60%
Coatox
60%
Créfollet
60%
Dimoret
60%
Élekable
60%
Goinfrex
60%
Griknot
60%
Lucario
60%
Luxray
60%
Pachirisu
60%
Palkia
60%
Rozbouton
60%
Moufouette
57%
Apireine
50%
Capidextre
50%
Charkos
50%
Cheniti
50%
Corboss
50%
Hippopotas
50%
Korillon
50%
Momartik
50%
Motisma
50%
Mustéflott
50%
Phyllali
50%
Regigigas
50%
Scorvol
50%
Spiritomb
50%
Tiplouf
50%
Chaffreux
43%
Créfadet
43%
Drascore
43%
Hippodocus
43%
Tritosor
43%
Apitrini
40%
Coudlangue
40%
Darkrai
40%
Giratina
40%
Pingoléon
40%
Rapion
40%
Rhinastoc
40%
Togekiss
40%
Archéodong
33%
Bastiodon
33%
Maganon
33%
Ouisticram
33%
Sancoki
33%
Roserade
29%
Ceriflor
25%
Gallame
25%
Heatran
25%
Phione
25%
Carmache
20%
Givrali
20%
Keunotor
20%
Kranidos
20%
Manaphy
20%
Noctunoir
20%
Papilord
20%
Cheniselle
17%
Lockpin
17%
Tortipouss
17%
Ceribou
14%
Archéomire
0%
Blizzaroi
0%
Boskara
0%
Castorno
0%
Cresselia
0%
Dinoclier
0%
Moufflair
0%
Prinplouf
0%
Tarinorme
0%

Distribution des résultats

Percentile par nombre de réponses

% des personnes avec chaque résultat

Votre développement - résultats

Vous n’avez pas pris ce quiz